[Event "Groningen"]
[Site "Groningen"]
[Date "1988.??.??"]
[Round "?"]
[White "Lautier, Joel"]
[Black "Rogers, Ian"]
[Result "0-1"]
[WhiteElo "2365"]
[BlackElo "2535"]

1.d4 d6 2.c4 e5 3.Nf3 e4 4.Nfd2 f5 5.e3 Nf6 6.Nc3 c5 7.d5 g6 8.b3 Bg7 9.Bb2 Nbd7
10.Qc2 a6 11.Be2 Qe7 12.h3 Ne5 13.O-O-O O-O 14.a4 Bd7 15.Rde1 Rae8 16.Kb1 Nd3
17.Bxd3 exd3 18.Qxd3 Ne4 19.Rhf1 b5 20.cxb5 axb5 21.axb5 Bxc3 22.Bxc3 Bxb5
23.Nc4 Rb8 24.Kc2 Nxc3 25.Qxc3 Qe4+ 26.Kc1 Bxc4 27.Qxc4 Qxg2 28.Kd2 Rb4 29.Qd3 Rfb8
30.Rb1 Qxh3  0-1

[Event "Groningen"]
[Site "Groningen"]
[Date "1988.??.??"]
[Round "?"]
[White "Ftacnik, Lubomir"]
[Black "Lautier, Joel"]
[Result "1-0"]
[WhiteElo "2590"]
[BlackElo "2365"]

1.d4 Nf6 2.Nf3 e6 3.c4 b6 4.g3 Ba6 5.Nbd2 d5 6.cxd5 exd5 7.Ne5 Bd6 8.Bg2 O-O
9.O-O Nbd7 10.Ndf3 Qe7 11.Bf4 Bb7 12.Rc1 c5 13.Qa4 Rfd8 14.Rfd1 Nf8 15.dxc5 bxc5
16.Nd3 Bxf4 17.Nxf4 N8d7 18.Qa3 Rdc8 19.Ne1 Nb6 20.b3 a5 21.Ned3 Nfd7 22.Nb2 Nf6
23.e3 Qc7 24.Na4 Nxa4 25.Qxa4 Rd8 26.Nd3 Nd7 27.Qf4 Qb6 28.Nb2 Qe6 29.Na4 Rac8
30.h4 Ba8 31.Kh2 c4 32.bxc4 Rxc4 33.Rxc4 dxc4 34.Nc5 Qe8 35.Rxd7 Rxd7 36.Nxd7 Bxg2
37.Kxg2 c3 38.Nc5 Qc6+ 39.Kf1 h6 40.Qc4 Qh1+ 41.Ke2 Qc1 42.Nb3 Qb2+ 43.Kf3 c2
44.Qc8+ Kh7 45.Qf5+ Kg8 46.Qxa5  1-0

[Event "Groningen"]
[Site "Groningen"]
[Date "1988.??.??"]
[Round "?"]
[White "Douven, Rudy C"]
[Black "Lautier, Joel"]
[Result "1/2-1/2"]
[WhiteElo "2430"]
[BlackElo "2365"]

1.d4 Nf6 2.c4 e6 3.Nf3 b6 4.g3 Ba6 5.b3 Bb4+ 6.Bd2 Be7 7.Bg2 c6 8.Bc3 Ne4
9.Bb2 d5 10.O-O Nd7 11.Nbd2 f5 12.Ne1 O-O 13.Nd3 Bd6 14.Rc1 Bb7 15.b4 Qe7
16.c5 bxc5 17.dxc5 Bc7 18.f3 Nxd2 19.Qxd2 Ba6 20.f4 Bb5 21.Bf3 a5 22.a3 Rfe8
23.Qc3 Rf8 24.Ra1 Qf6 25.Qd2 Qe7 26.Qe3 Rfb8 27.Bc3 Bc4 28.Kh1 Re8 29.Bh5 Rf8
30.Rg1 Nf6 31.Bf3 Ng4 32.Qd4 Bxd3 33.Bxg4 Be4+ 34.Bf3 Rfe8 35.Bxe4  1/2-1/2

[Event "Lloyds Bank op"]
[Site "London"]
[Date "1988.??.??"]
[Round "?"]
[White "Hanreck, Alan E"]
[Black "Lautier, Joel"]
[Result "1/2-1/2"]
[WhiteElo "2265"]
[BlackElo "2365"]

1.Nf3 Nf6 2.d4 e6 3.Bf4 c5 4.e3 b6 5.Nbd2 Bb7 6.Bd3 Be7 7.h3 O-O 8.O-O d5
9.c3 Ne4 10.Qc2 f5 11.Ne5 Nd7 12.Nxd7 Qxd7 13.Nf3 Qe8 14.Ne5 Rc8 15.Qe2 Nd6
16.f3 Bf6 17.Rf2 Qe7 18.g4 Bg5 19.Bxg5 Qxg5 20.f4 Qe7 21.Raf1 Rc7 22.Rg2 Bc6
23.Kh2  1/2-1/2

[Event "Lloyds Bank op"]
[Site "London"]
[Date "1988.??.??"]
[Round "?"]
[White "Hebden, Mark"]
[Black "Lautier, Joel"]
[Result "1/2-1/2"]
[WhiteElo "2460"]
[BlackElo "2365"]

1.e4 e6 2.Nc3 d5 3.d4 Nf6 4.Bg5 Bb4 5.e5 h6 6.Bd2 Bxc3 7.bxc3 Ne4 8.Qg4 Kf8
9.Bc1 c5 10.Bd3 Nxc3 11.dxc5 Qa5 12.Bd2 Qa4 13.h3 Qxg4 14.hxg4 Ne4 15.Bxe4 dxe4
16.f4 Bd7 17.Ne2 Na6 18.Be3 Rc8 19.Rb1 Nxc5 20.Bxc5+ Rxc5 21.Rxb7 Ke7 22.O-O Rhc8
23.Rxa7 Rxc2 24.Rd1 R8c7 25.Rxc7 Rxc7 26.Rc1 Rb7 27.Rc2 e3 28.Kh2 g5 29.Kg3 gxf4+
30.Kxf4 Rb4+ 31.Kf3 f6 32.exf6+ Kxf6 33.Nf4 Rd4 34.Kxe3 e5 35.Nh5+ Ke7 36.Rc7 Ra4
37.Rc5 Kd6 38.Rc2 Bxg4  1/2-1/2

[Event "Lloyds Bank op"]
[Site "London"]
[Date "1988.??.??"]
[Round "?"]
[White "Webster, Andrew"]
[Black "Lautier, Joel"]
[Result "1-0"]
[WhiteElo "2220"]
[BlackElo "2365"]

1.c4 e5 2.g3 Nf6 3.Bg2 c6 4.d4 exd4 5.Qxd4 d5 6.cxd5 cxd5 7.Nf3 Nc6 8.Qa4 Bc5
9.O-O O-O 10.Bg5 h6 11.Bxf6 Qxf6 12.Nc3 Be6 13.Rfd1 Rfd8 14.Rac1 Bb6 15.e3 Rac8
16.b3 Qe7 17.Ne2 Bd7 18.Qh4 Qa3 19.Nc3 Nb4 20.Ne5 Be6 21.Qe7 Bc5 22.Qh4 Bb6
23.Bh3 Re8 24.Bxe6 Rxe6 25.Qf4 Rf6 26.Qg4 Rc7 27.Nxd5 Nxd5 28.Rxc7 Nxc7 29.Rd8+ Kh7
30.Nd7 Qc1+ 31.Kg2 Rxf2+ 32.Kxf2 Bxe3+ 33.Kg2 Qd2+ 34.Kh3 Ne6 35.Nf6+  1-0

[Event "Lloyds Bank op"]
[Site "London"]
[Date "1988.??.??"]
[Round "?"]
[White "Coleman, David"]
[Black "Lautier, Joel"]
[Result "1-0"]
[WhiteElo "2240"]
[BlackElo "2365"]

1.e4 e6 2.d4 d5 3.Nc3 Nf6 4.Bg5 Bb4 5.e5 h6 6.Be3 Ne4 7.Qg4 g6 8.a3 Bxc3+
9.bxc3 c5 10.Bd3 cxd4 11.cxd4 Qa5+ 12.Ke2 Bd7 13.f3 Nc3+ 14.Kf2 Nc6 15.Qf4 Qa4
16.Bd2 Nb5 17.Ne2 Rg8 18.Rhb1 a6 19.Qf6 Rc8 20.Be1 Rc7 21.Kf1 Nba7 22.Bd2 h5
23.h4 Nc8 24.c4 N6e7 25.Nc3 Qc6 26.Bg5 b5 27.c5 Qb7 28.Rb2 Qa7 29.Rab1 Bc6
30.Rb4 Rd7 31.a4 bxa4 32.Nxa4 a5 33.Rb5 Bxb5 34.Bxb5 Qc7 35.Nb6 Nxb6 36.Qxe7+  1-0

[Event "Marseille"]
[Site "Marseille"]
[Date "1988.??.??"]
[Round "?"]
[White "Lautier, Joel"]
[Black "Gurevich, Mikhail"]
[Result "1/2-1/2"]
[WhiteElo "2365"]
[BlackElo "2630"]

1.d4 Nf6 2.c4 e6 3.Nc3 Bb4 4.e3 c5 5.Bd3 Nc6 6.Ne2 cxd4 7.exd4 d5 8.cxd5 Nxd5
9.O-O O-O 10.Bc2 Bd6 11.Qd3 Qh4 12.g3 Qh5 13.Nxd5 exd5 14.Bf4 Be7 15.Bd2 Bd6
16.Bf4 Be7 17.Bd2 Qg6 18.Kg2 Qxd3 19.Bxd3 Bf6 20.Bc3 Rd8 21.Rac1 Bd7 22.Rfd1 g6
23.Bb5 Ne7 24.Bxd7 Rxd7 25.Bd2 Nc6 26.Be3 Re8 27.Rd2 Bd8 28.Rc5 Be7 29.Rc1 Bd6
30.Rdd1 f6 31.Nc3 Bf8 32.Na4 Kf7 33.Kf3 g5 34.h3 Kg6 35.b3 Ba3 36.Rc2 Nb4
37.Re2 Rc7 38.Nc5 Nc6 39.Nd3 Re4 40.Nc5 Re8 41.Red2 Ne7 42.g4 b6 43.Na6 Rc6
44.Rd3 Rc2 45.R1d2 Rec8 46.Ke2 R2c6 47.Rd1 Bd6 48.Rb1 h5 49.Kd1 hxg4 50.hxg4 Rh8
51.Ke2 Rh4 52.Rg1 Kf7 53.a4 Rc2+ 54.Rd2 Rc8 55.Kd3 Ke6 56.Rc2 Rxc2 57.Kxc2 Ng8
58.Kd3 Nh6 59.f3 Rh3 60.Rf1 Kd7 61.Ke2 Ng8 62.Bd2 Ne7 63.Nb4 f5 64.Nd3 Nc6
65.Bc3 f4 66.b4 a6 67.b5 axb5 68.axb5 Rh2+ 69.Nf2 Na7 70.Rb1 Be7 71.Rb3 Bf6
72.Rb1 Nc8 73.Ra1 Nd6 74.Rb1 Kc7 75.Rb3 Nc4 76.Rb1 Kb7 77.Ra1 Rh8 78.Kd3 Nd6
79.Rb1 Ra8 80.Nd1 Ra2 81.Be1 Ra3+ 82.Nc3 Ne8 83.Bf2 Nc7 84.Kc2 Be7 85.Kd3 Bd6
86.Bg1 Ra8 87.Ke2 Be7 88.Bf2 Re8 89.Kd3 Rh8 90.Bg1 Rh3 91.Ke2 Bf6 92.Rd1 Bg7
93.Bf2 Rh2 94.Kf1 Bf6 95.Kg1 Rh8 96.Kf1 Ra8 97.Ke2 Ra3 98.Kd2 Rb3 99.Kc2 Rb4
100.Kd3 Rb2 101.Rd2 Rxd2+ 102.Kxd2 Be7 103.Kd3 Ba3 104.Bg1 Bb2 105.Nd1 Ba1
106.Nf2 Kc8 107.Nh3 Ne6 108.Bf2 Kd7 109.Ng1 Bb2 110.Nh3 Ke7 111.Ng1 Nc7 112.Kc2 Ba1
113.Ne2 Nxb5 114.Kb3 Kd6 115.Bg1 Kc6 116.Bf2 Kc7 117.Bg1 Kd6 118.Bf2 Kc6
119.Bg1 Kb7 120.Bf2 Ka6 121.Bg1 Kb7 122.Bf2 Kc6 123.Bg1 Nd6 124.Bf2 Nc4 125.Be1 Bb2
126.Bb4 Kd7 127.Ka2 Ke6 128.Kb3 Kd7  1/2-1/2

[Event "Marseille"]
[Site "Marseille"]
[Date "1988.??.??"]
[Round "?"]
[White "Lautier, Joel"]
[Black "Andruet, Gilles"]
[Result "1-0"]
[WhiteElo "2365"]
[BlackElo "2450"]

1.d4 Nf6 2.c4 c5 3.d5 b5 4.cxb5 a6 5.e3 axb5 6.Bxb5 Qa5+ 7.Nc3 Bb7 8.Ne2 Bxd5
9.O-O Bb7 10.f3 e6 11.e4 Be7 12.Bf4 O-O 13.Bd6 Bxd6 14.Qxd6 Rc8 15.a4 Qc7
16.Rad1 Ne8 17.Qd2 Bc6 18.f4 Bxb5 19.axb5 d6 20.f5 Qe7 21.fxe6 fxe6 22.Nd5 Qd8
23.Qf4 h6 24.Qf7+  1-0

[Event "Marseille"]
[Site "Marseille"]
[Date "1988.??.??"]
[Round "?"]
[White "Kouatly, Bachar"]
[Black "Lautier, Joel"]
[Result "1/2-1/2"]
[WhiteElo "2440"]
[BlackElo "2365"]

1.d4 Nf6 2.c4 e6 3.g3 c5 4.d5 exd5 5.cxd5 d6 6.Nc3 g6 7.Bg2 Bg7 8.Nf3 O-O
9.O-O Nbd7 10.Re1 a6 11.a4 Rb8 12.a5 b5 13.axb6 Rxb6 14.Bf1 Re8 15.Nd2 Rb4
16.e4 Ne5 17.f4 Bg4 18.fxe5 Bxd1 19.exf6 Qxf6 20.Nxd1 Qd4+ 21.Kg2 f5 22.Rxa6 fxe4
23.Rxd6 Bh6 24.Nb3 Qe5 25.Re6 Rxe6 26.dxe6 Bxc1 27.Nxc1 Qd5 28.Kf2 Qd2+ 29.Ne2 Rb8
30.e7 Re8 31.Bh3 Rxe7 32.Kf1 Rf7+ 33.Nf2 e3 34.Be6 exf2 35.Rc1 Qxb2 36.Bxf7+ Kxf7
37.Rxc5 Qb7 38.h4 h6 39.Rc3 g5 40.hxg5 hxg5 41.Kxf2 Qe4 42.Rc1 Kg6 43.Rd1 Qf5+
44.Ke1 Qf3 45.Rd4 Kf6 46.g4 Ke5 47.Kd2 Qb3 48.Ke1 Qe3 49.Kf1  1/2-1/2

[Event "Marseille"]
[Site "Marseille"]
[Date "1988.??.??"]
[Round "?"]
[White "Dolmatov, Sergey"]
[Black "Lautier, Joel"]
[Result "1-0"]
[WhiteElo "2550"]
[BlackElo "2365"]

1.e4 e5 2.Nf3 Nc6 3.Bb5 a6 4.Bxc6 dxc6 5.O-O f6 6.d4 Bg4 7.dxe5 Qxd1 8.Rxd1 fxe5
9.Rd3 Bd6 10.Nbd2 Nf6 11.b3 O-O-O 12.Bb2 Bxf3 13.Nxf3 Nxe4 14.Nxe5 Rhf8 15.f3 Nc5
16.Rdd1 Ne6 17.Kf1 g5 18.Re1 Nf4 19.Re4 Bc5 20.g3 Ng6 21.Ke2 Rf5 22.Nd3 Bd6
23.Kf2 Rdf8 24.Re3 c5 25.Kg2 b5 26.c4 Kd7 27.Rc1 Kc6 28.Rc2 b4 29.Rce2 a5
30.Nf2 a4 31.Ng4 axb3 32.axb3 R5f7 33.Nh6 Re7 34.Rxe7 Bxe7 35.Bg7 Ra8 36.Nf5 Bd8
37.Bb2 Kd7 38.Kf2 Ra2 39.Ke1 h5 40.Rd2+ Kc8 41.Kd1 h4 42.Kc1 hxg3 43.hxg3 Ra6
44.Rd5 Rc6 45.Ne3 Re6 46.Kd2 c6 47.Rf5 Be7 48.Ng4 Rd6+ 49.Kc2 Re6 50.Be5 Nxe5
51.Rxe5 Rxe5 52.Nxe5 Bd6 53.f4 gxf4 54.gxf4 Kc7 55.Kd3 Bf8 56.Ke4 Kd6 57.Kf5 Bg7
58.Nf7+ Ke7 59.Kg6 Bf8 60.f5 Kd7 61.Kf6 Be7+ 62.Ke5 Bh4 63.f6 Bf2 64.Kf5 Be3
65.Ne5+  1-0

[Event "Marseille"]
[Site "Marseille"]
[Date "1988.??.??"]
[Round "?"]
[White "Miralles, Gilles"]
[Black "Lautier, Joel"]
[Result "0-1"]
[WhiteElo "2405"]
[BlackElo "2365"]

1.d4 Nf6 2.c4 e6 3.Nf3 b6 4.g3 Ba6 5.Nbd2 Bb7 6.Bg2 c5 7.dxc5 bxc5 8.O-O Be7
9.Re1 d6 10.e4 Nfd7 11.Nf1 Nc6 12.h4 O-O 13.Bf4 Qc7 14.Ne3 Rfd8 15.Ng4 Nf6
16.Nfh2 Rab8 17.Qa4 Nd4 18.Nxf6+ Bxf6 19.Ng4 Be7 20.Qd1 Bc6 21.Rb1 Qb7 22.b4 f5
23.b5 Bxe4 24.Rxe4 fxe4 25.Kh1 Rbc8 26.a4 d5 27.a5 Bd6 28.Bg5 Rf8 29.a6 Qd7
30.Be3 Nf5 31.cxd5 h5 32.Bxe4 hxg4 33.dxe6 Qc7 34.Bg5 Be7 35.Qxg4 Nd6 36.Bc2 Rxf2
37.Bg6 Bxg5 38.hxg5 Kf8 39.Kg1 Ra2 40.Rf1+ Ke7 41.Qf4 c4 42.Bh7 Qc5+ 43.Kh1 Qd5+  0-1

[Event "Paris-ch"]
[Site "Paris"]
[Date "1988.??.??"]
[Round "1"]
[White "Blees, Albert"]
[Black "Lautier, Joel"]
[Result "0-1"]
[WhiteElo "2390"]
[BlackElo "2290"]

1.d4 Nf6 2.c4 e6 3.Nf3 b6 4.g3 Ba6 5.Nbd2 d5 6.Bg2 Bd6 7.O-O O-O 8.Qc2 Nbd7
9.e4 Nxe4 10.Nxe4 dxe4 11.Ng5 Bb7 12.Nxe4 Be7 13.Bf4 f5 14.Nf6+ Nxf6 15.Bxb7 Rb8
16.Bf3 Bd6 17.Qd2 Bxf4 18.Qxf4 Qd6 19.Qe3 Rfe8 20.Rfe1 c5 21.dxc5 Qxc5 22.Qf4 e5
23.Qxf5 e4 24.Bg4 Re5 25.Qf4 Rf8 26.Bh3 e3 27.Rxe3 Ne4 28.Qh4 Nxf2 29.Rxe5 Qxe5
30.Rf1 Qe3 31.Bf5 Rxf5 32.Qd8+ Rf8 33.Qd5+ Kh8 34.Kg2 Qe2  0-1

[Event "Paris-ch"]
[Site "Paris"]
[Date "1988.??.??"]
[Round "3"]
[White "Prie, Eric"]
[Black "Lautier, Joel"]
[Result "1/2-1/2"]
[WhiteElo "2375"]
[BlackElo "2290"]

1.e4 e6 2.d4 d5 3.e5 c5 4.c3 Nc6 5.Nf3 Qb6 6.a3 c4 7.Nbd2 f6 8.Be2 fxe5 9.Nxe5 Nxe5
10.dxe5 Bc5 11.O-O Ne7 12.b4 cxb3 13.Nxb3 O-O 14.Nxc5 Qxc5 15.Qd4 Qxd4 16.cxd4 Bd7
17.Rb1 Rab8 18.a4 Rfc8 19.Ba3 Nf5 20.Bg4 b6 21.Bxf5 exf5 22.Bd6 Ra8 23.a5 b5
24.Bc5 a6 25.f4 Kf7 26.Kf2 Rc6 27.Rfc1 h6 28.Rc3 Rac8 29.Rbc1 Be6 30.Ke2 Bd7
31.Kd1 g6 32.Kc2 h5 33.Kb3 Ke6 34.Kb4 R6c7 35.h3 Kf7 36.Bd6 Rxc3 37.Rxc3 Rc4+
38.Rxc4 bxc4 39.Kc5 Ke6 40.Kb6 Bb5 41.Bb4 Kd7  1/2-1/2

[Event "Paris-ch"]
[Site "Paris"]
[Date "1988.??.??"]
[Round "7"]
[White "Perovic, Dragan"]
[Black "Lautier, Joel"]
[Result "0-1"]
[WhiteElo "2330"]
[BlackElo "2290"]

1.e4 e6 2.d4 d5 3.Nc3 Nf6 4.Bg5 Bb4 5.e5 h6 6.Bd2 Bxc3 7.bxc3 Ne4 8.Qg4 Kf8
9.h4 c5 10.Rh3 Nc6 11.Nf3 Qa5 12.Bd3 Nxd2 13.Kxd2 cxd4 14.Rg3 Rg8 15.Ke2 b6
16.Nxd4 Nxd4+ 17.Qxd4 Ba6 18.Qb4+ Qxb4 19.cxb4 Bxd3+ 20.cxd3 Rc8 21.Kd2 g6
22.h5 g5 23.Rg4 Ke7 24.b5 Rc5 25.f4 Rxb5 26.fxg5 Rxg5 27.Rxg5 hxg5 28.h6 Rc5
29.h7 Rc8 30.Rc1 Rh8 31.Rc7+ Kf8 32.Rxa7 Rxh7 33.Ke3 Rh1 34.a4 Rb1 35.g4 Rb4
36.d4 Kg7 37.Kd3 Rb3+ 38.Kc2 Rg3 39.Ra6 Rxg4 40.Kc3 Rg3+ 41.Kb2 Rd3 42.Rxb6 Rxd4
43.Ka3 Rd1  0-1

[Event "Paris-ch"]
[Site "Paris"]
[Date "1988.??.??"]
[Round "8"]
[White "Lautier, Joel"]
[Black "Murrey, Jacob"]
[Result "1/2-1/2"]
[WhiteElo "2290"]
[BlackElo "2535"]

1.d4 f5 2.c4 Nf6 3.g3 e6 4.Bg2 Be7 5.Nf3 O-O 6.O-O d6 7.Nc3 Qe8 8.Re1 Qg6
9.e4 Nxe4 10.Nxe4 fxe4 11.Rxe4 Nc6 12.Qe2 Bf6 13.Bd2 e5 14.dxe5 Nxe5 15.Nxe5 Bxe5
16.Bb4 Bf6 17.Bc3 Bf5 18.Re3 Bxc3 19.bxc3 c6 20.Re1 Rf7 21.Qd2 Raf8 22.Qd4 a6
23.c5 dxc5 24.Qxc5 Qf6 25.Qd4 Qxd4 26.cxd4 Rd7 27.Re7 Rfd8 28.Rxd7 Rxd7 29.d5 c5
30.Rc1 b6 31.Bf1 a5 32.Bb5 Rd6 33.Re1 Kf7 34.f4 Kf6 35.Re5 Bb1 36.a3 Ba2
37.Bc6 b5 38.Bxb5 Bxd5 39.Kf2 c4 40.Ke3 Be6 41.a4 g6 42.Rc5 Rd3+ 43.Kf2 Rd2+
44.Ke3 Rd3+ 45.Kf2 h5 46.Rc6 Rc3 47.Ke2 Ke7 48.Kd2 Rd3+ 49.Kc2 Bf5 50.Kc1 Rc3+
51.Kd2 Rc2+ 52.Ke3 Be6 53.Kd4 Rd2+ 54.Ke5 Re2+ 55.Kd4 Rxh2 56.Bxc4 Bxc4 57.Kxc4 Kf7
58.Rc5 h4  1/2-1/2

[Event "Cannes schev"]
[Site "Cannes"]
[Date "1989.??.??"]
[Round "?"]
[White "Lautier, Joel"]
[Black "Tal, Mihail"]
[Result "1/2-1/2"]
[WhiteElo "2450"]
[BlackElo "2610"]

1.d4 d6 2.c4 e5 3.Nf3 Nd7 4.Nc3 Ngf6 5.e4 Be7 6.Be2 O-O 7.O-O c6 8.Re1 a6
9.Bf1 b5 10.a3 Bb7 11.h3 Re8 12.Be3 exd4 13.Nxd4 Bf8 14.Nf5 Ne5 15.cxb5 cxb5
16.Bg5 h6 17.Bf4 Ng6 18.Bxd6 Nxe4 19.Nxe4 Rxe4 20.Bxf8 Kxf8 21.Qb3 Qd5 22.Qxd5 Bxd5
23.Rxe4 Bxe4 24.Nd6 Bd5 25.a4 Rd8 26.Nf5 Be6 27.Ne3 Rd2 28.axb5  1/2-1/2

[Event "Cannes schev"]
[Site "Cannes"]
[Date "1989.??.??"]
[Round "?"]
[White "Lautier, Joel"]
[Black "Spassky, Boris V"]
[Result "1/2-1/2"]
[WhiteElo "2450"]
[BlackElo "2580"]

1.d4 Nf6 2.c4 e6 3.Nc3 d5 4.cxd5 exd5 5.Bg5 Be7 6.Qc2 O-O 7.e3 Nbd7 8.Bd3 Re8
9.Nge2 Nf8 10.O-O c6 11.f3 h6 12.Bh4 Ne6 13.Kh1 b6 14.Rad1 Bb7 15.e4 dxe4
16.fxe4 Ng4 17.Bf2 Nxf2+ 18.Rxf2 Nxd4 19.Nxd4 Qxd4 20.Ba6 Qxf2 21.Qxf2 Bxa6
22.e5 Rad8 23.Qf3 Rxd1+ 24.Qxd1 Bf8 25.Qd4 f6 26.Qa4 Rxe5 27.h3 Bd3 28.Qxc6 Bc5
29.Kh2 h5 30.h4 Kh7 31.Qd7 Bf5 32.Qd1 Bg6 33.a3 Bf2 34.g3 Re3 35.Ne2 Rd3
36.Qf1 Rf3 37.Qd1 Be4 38.Nd4  1/2-1/2

[Event "Cannes schev"]
[Site "Cannes"]
[Date "1989.??.??"]
[Round "?"]
[White "Lautier, Joel"]
[Black "Larsen, Bent"]
[Result "0-1"]
[WhiteElo "2450"]
[BlackElo "2580"]

1.d4 Nf6 2.c4 e6 3.Nc3 Bb4 4.Qc2 c5 5.dxc5 O-O 6.a3 Bxc5 7.Nf3 Nc6 8.Bf4 b6
9.Rd1 Bb7 10.e3 Rc8 11.Be2 Be7 12.e4 Nh5 13.Bc1 a6 14.O-O Qc7 15.e5 g6 16.Rfe1 Rfd8
17.Nd5 exd5 18.cxd5 Nd4 19.Qxc7 Nxe2+ 20.Rxe2 Rxc7 21.d6 Rxc1 22.Rxc1 Bf8
23.Rc7 Nf4 24.Rec2 Bxf3 25.gxf3 Re8 26.R2c4 g5 27.Re4 Ne6 28.Ra7 a5 29.b4 axb4
30.axb4 f5 31.Re1 Rd8 32.Rb7 b5 33.Rd1 Nf4 34.Kf1 Kf7 35.Rxb5 Ke6 36.Ra5 Bg7
37.b5 Rb8 38.Rb1 Nd5 39.Ra6 Nb6 40.h4 h6 41.hxg5 hxg5 42.Ke2 Bxe5 43.Kd3 Kd5
44.Ra2 Nc4 45.Rb4 Nb6 46.Rb3 Rh8 47.Rba3 Rh1 48.Ra6 Bd4 49.Ke2 Rb1 50.R6a5 f4
51.Rc2 Rb3 52.Ra7 Rxb5 53.Rb7 Be5 54.Kf1 Kxd6 55.Kg2 Ke6 56.Kh3 Kf5 57.Rd2 Rb3
58.Rdxd7 Rxf3+ 59.Kg2 Nxd7 60.Kxf3 g4+ 61.Ke2 f3+ 62.Ke3 Nf6 63.Rb5 Ne4 64.Rd5 Nc3
65.Rd3 Bf4+ 66.Kd4 Ne4  0-1

[Event "Clermont Ferrand"]
[Site "Clermont Ferrand"]
[Date "1989.??.??"]
[Round "?"]
[White "Lautier, Joel"]
[Black "Nogueiras, Jesus"]
[Result "1/2-1/2"]
[WhiteElo "2465"]
[BlackElo "2560"]

1.d4 Nf6 2.c4 e6 3.Nc3 Bb4 4.g3 c5 5.Nf3 cxd4 6.Nxd4 O-O 7.Bg2 d5 8.Qb3 Bxc3+
9.Qxc3 e5 10.Nb3 Nc6 11.Bg5 d4 12.Qf3 a5 13.O-O a4  1/2-1/2

[Event "Clermont Ferrand"]
[Site "Clermont Ferrand"]
[Date "1989.??.??"]
[Round "?"]
[White "Sax, Gyula"]
[Black "Lautier, Joel"]
[Result "1/2-1/2"]
[WhiteElo "2580"]
[BlackElo "2465"]

1.e4 e6 2.d4 d5 3.Nc3 Nf6 4.Bg5 dxe4 5.Nxe4 Be7 6.Bxf6 gxf6 7.Nf3 f5 8.Nc3 Bf6
9.Qd2 c5 10.Bb5+ Bd7 11.dxc5 a6 12.Bxd7+ Nxd7 13.O-O-O Qc7 14.Qd6 Rc8 15.Nd5 Qxc5
16.Nxf6+ Nxf6 17.Qxc5 Rxc5 18.Rhe1 Rg8 19.g3 Ne4 20.Re2 Ke7 21.Nd4 Rgc8 22.f3 Nd6
23.Rd3 h5 24.Nb3 R5c7 25.Rd4 Ne8 26.c3  1/2-1/2

[Event "Clermont Ferrand"]
[Site "Clermont Ferrand"]
[Date "1989.??.??"]
[Round "?"]
[White "Sokolov, Andrei"]
[Black "Lautier, Joel"]
[Result "1-0"]
[WhiteElo "2595"]
[BlackElo "2465"]

1.e4 e6 2.d4 d5 3.Nd2 Nf6 4.Bd3 c5 5.e5 Nfd7 6.c3 Nc6 7.Ne2 cxd4 8.cxd4 f6
9.exf6 Nxf6 10.O-O Bd6 11.Nf3 O-O 12.Bf4 Kh8 13.Qd2 Nxd4 14.Nexd4 Ne4 15.Bxe4 Bxf4
16.Qd3 dxe4 17.Qxe4 Qf6 18.Rae1 Rb8 19.b3 Re8 20.Ne5 b6 21.Ndc6 Bb7 22.Nd7 Qh6
23.g3 Rbc8 24.Nce5 Bxe4 25.Nf7+ Kg8 26.Nxh6+ Bxh6 27.Rxe4 Red8 28.Rd1 Rc1
29.Rxc1 Bxc1 30.Ne5 Rd5 31.Rc4 Rxe5 32.Rxc1 Ra5 33.a4 Kf7 34.Rc7+ Kf6 35.Kg2 h6
36.Rb7 e5 37.Kf1 g6 38.Ke2 Kf5 39.Rf7+ Ke6 40.Rb7 h5 41.h4 Kf5 42.Rf7+ Ke6
43.Rc7 Kf5 44.Ke3 Ra6 45.Rf7+ Ke6 46.Rb7 Kf5 47.Rf7+ Ke6 48.Rb7 Kf5 49.f3 Ra5
50.Rc7 Ra6 51.Rc4 b5 52.axb5 Ra3 53.Rb4 Ra1 54.g4+ hxg4 55.fxg4+ Ke6 56.Ra4 Rb1
57.Ke4 Re1+ 58.Kd3 Rh1 59.Rxa7 Rxh4 60.Ra6+ Kd5 61.Rxg6 e4+ 62.Kc3 Rh3+ 63.Kb4 e3
64.Rg8 Rg3 65.Ka5 Kd4 66.Re8 Kd3 67.b6 e2 68.b7 Re3 69.Rxe3+ Kxe3 70.b8=Q e1=Q+
71.Qb4 Qa1+ 72.Kb5 Kf3 73.g5 Qg7 74.Qc5 Qb7+ 75.Kc4 Qe4+ 76.Qd4 Qc6+ 77.Qc5 Qe4+
78.Qd4 Qc6+ 79.Kb4 Qb7+ 80.Kc3 Qc7+ 81.Kb2 Qh2+ 82.Ka3 Qc2 83.Qd5+ Kg3 84.b4 Kh4
85.b5 Qc3+ 86.Ka4 Qa1+ 87.Kb4 Qe1+ 88.Kc5 Qe7+ 89.Kb6 Qe3+ 90.Ka6 Qa3+ 91.Kb7 Qe7+
92.Ka8 Qf8+ 93.Ka7 Qe7+ 94.Ka8 Qf8+ 95.Ka7 Qe7+ 96.Kb8 Qf8+ 97.Kb7 Qe7+ 98.Kc8 Qe8+
99.Kc7 Qe7+ 100.Kc6 Qe8+ 101.Kc5 Qe7+ 102.Kd4 Qb4+ 103.Qc4 Qd6+ 104.Ke4 Kg4
105.Qd5 Qb4+ 106.Ke5 Kxg5 107.Qg2+ Kh6 108.Qc6+ Kg7 109.Qc7+ Kg8 110.Qb8+ Kf7
111.Qb6 Qb2+ 112.Kd6 Kg6 113.Kc7+ Kh5 114.Qc5+ Kh4 115.Qe7+ Kh3 116.b6 Qc3+
117.Kb8 Qh8+ 118.Kb7 Qd4 119.Qe6+ Kh4 120.Qe7+ Kh3 121.Qe6+ Kh4 122.Qh6+ Kg4
123.Kc7 Qe5+ 124.Qd6 Qc3+ 125.Kd7 Qg7+ 126.Kc8 Qh8+ 127.Qd8 Qc3+ 128.Kb8 Qe5+
129.Qc7 Qd4 130.b7 Kh3 131.Qa5 Kg2 132.Qg5+ Kh2 133.Qh5+ Kg1 134.Qg5+ Kh2
135.Qh5+ Kg1 136.Qg6+ Kh2 137.Qh7+ Kg1 138.Qg8+ Kh1 139.Qh7+ Kg1 140.Qb1+ Kh2
141.Qa2+ Kh1 142.Ka8 Qe4 143.Qa1+ Kh2 144.Qb2+ Kh1 145.Qc1+ Kh2 146.Qc3 Qa4+
147.Kb8 Qe8+ 148.Ka7 Qe7 149.Qd2+ Kh3 150.Qd3+ Kh2 151.Ka8  1-0

[Event "Correze m"]
[Site "Correze"]
[Date "1989.??.??"]
[Round "1"]
[White "Spraggett, Kevin"]
[Black "Lautier, Joel"]
[Result "1-0"]
[WhiteElo "2575"]
[BlackElo "2450"]

1.c4 Nf6 2.Nc3 c5 3.g3 d5 4.cxd5 Nxd5 5.Bg2 Nc7 6.b3 e5 7.Bb2 Be7 8.Nh3 Nc6
9.O-O h5 10.f4 h4 11.Nf2 hxg3 12.hxg3 exf4 13.gxf4 Qd6 14.e3 Qh6 15.Re1 Be6
16.Qf3 f5 17.Ba3 O-O-O 18.Rad1 Nd5 19.Na4 g5 20.Nxc5 g4 21.Qe2 Bxc5 22.Bxc5 Qh2+
23.Kf1 g3 24.Nd3 Nf6 25.Ne5 Bd5 26.Nf3 Rdg8 27.e4 Nxe4 28.Qd3 Qh6 29.Qxd5 Qxf4
30.Be3 Qg4 31.Rc1 Rg6 32.Rc4 Rd8 33.Qa5  1-0

[Event "Correze m"]
[Site "Correze"]
[Date "1989.??.??"]
[Round "2"]
[White "Lautier, Joel"]
[Black "Spraggett, Kevin"]
[Result "1/2-1/2"]
[WhiteElo "2450"]
[BlackElo "2575"]

1.d4 Nf6 2.c4 d6 3.Nc3 Nbd7 4.Nf3 c6 5.Bg5 g6 6.e4 e5 7.dxe5 dxe5 8.Nxe5 Qb6
9.Nxd7 Nxd7 10.Qd2 Bg7 11.Be3 Qa5 12.Bd4 f6 13.Be2 O-O 14.O-O Ne5 15.f4 Nf7
16.Qe3 Re8 17.Rad1 Be6 18.Kh1 b6 19.Qg3 f5 20.Bxg7 Kxg7 21.a3 Rad8 22.e5 Qa6
23.Qh4 Kg8 24.Qf6 Qc8 25.h4 Qc7 26.Kg1 Rxd1 27.Rxd1 Bc8 28.h5 Re6 29.Qh4 g5
30.fxg5 Qe7 31.Qf4 Rxe5 32.Bf3 Re6 33.Kh2 Nxg5 34.Rd4 Rh6 35.Bd1 Nf7 36.Qg3+ Kf8
37.Bf3 Ne5 38.Be2 Rd6 39.Rf4 Rf6 40.Kh1 Bd7 41.Qf2 Kg7 42.b4 Ng4 43.Qd4 Qd6
44.c5 bxc5 45.bxc5 Qxd4 46.Rxd4 Be6 47.Kg1 Ne5 48.Kf2 Rf8 49.Ke3 Kf6 50.Kf4 Rc8
51.Bf3 Nd7 52.Na4 Ke7 53.Rd3 h6 54.Bd1 Kf6 55.Re3 Rb8 56.Bc2 Rb5 57.Rc3 Ne5
58.g3 Rb8 59.Re3 Nd7 60.Rd3 Ke7 61.Rd4 Nf6 62.Rd6 Bd7 63.Ke5 Ng4+ 64.Kf4 Nf6
65.Bxf5 Nxh5+ 66.Ke5 Bxf5 67.Kxf5 Nxg3+ 68.Ke5 Rf8 69.Re6+ Kd7 70.Rd6+ Kc7
71.Rxh6 Re8+ 72.Re6 Rxe6+ 73.Kxe6  1/2-1/2

[Event "Correze m"]
[Site "Correze"]
[Date "1989.??.??"]
[Round "3"]
[White "Spraggett, Kevin"]
[Black "Lautier, Joel"]
[Result "0-1"]
[WhiteElo "2575"]
[BlackElo "2450"]

1.c4 e5 2.Nc3 Nf6 3.Nf3 Nc6 4.d3 d5 5.cxd5 Nxd5 6.e4 Nb6 7.Be2 Be7 8.Be3 O-O
9.O-O f5 10.exf5 Bxf5 11.Ne4 Qd5 12.Qc2 Rac8 13.a3 a5 14.Rac1 Nd4 15.Bxd4 exd4
16.Nfd2 Rfd8 17.Bf3 Qb5 18.Rfe1 Bf8 19.Nc5 Bxc5 20.Qxc5 c6 21.Ne4 Na4 22.Qxb5 cxb5
23.Rxc8 Bxc8 24.Ng5 g6 25.Re7 Nxb2 26.Nxh7 Bf5 27.Rxb7 Nxd3 28.Nf6+ Kf8 29.Nh7+ Kg8
30.Nf6+ Kf8 31.Rxb5 Kg7 32.Nd5 Rc8 33.h4 Ne5 34.Ne7 Rc1+ 35.Kh2 Nxf3+ 36.gxf3 Be6
37.Nd5 d3 38.Rb7+ Kf8 39.Nf4 d2  0-1

[Event "Correze m"]
[Site "Correze"]
[Date "1989.??.??"]
[Round "5"]
[White "Spraggett, Kevin"]
[Black "Lautier, Joel"]
[Result "1/2-1/2"]
[WhiteElo "2575"]
[BlackElo "2450"]

1.c4 e5 2.Nc3 Nf6 3.Nf3 Nc6 4.d3 g6 5.g3 Bg7 6.Bg2 O-O 7.O-O d6 8.Bg5 h6
9.Bxf6 Bxf6 10.Nd2 Bg7 11.Rb1 a5 12.a3 Ne7 13.Qc2 c6 14.Rfd1 Be6 15.Na4 f5
16.b4 axb4 17.Rxb4 Qc7 18.Rdb1 Ra7 19.Nc3 g5 20.a4 Rf7 21.e3 Kh8 22.Qb3  1/2-1/2

[Event "Correze m"]
[Site "Correze"]
[Date "1989.??.??"]
[Round "6"]
[White "Lautier, Joel"]
[Black "Spraggett, Kevin"]
[Result "1/2-1/2"]
[WhiteElo "2450"]
[BlackElo "2575"]

1.d4 g6 2.c4 Bg7 3.Nc3 d6 4.e4 Nc6 5.d5 Nd4 6.Be3 c5 7.Nge2 Qb6 8.Na4 Qa5+
9.Bd2 Qa6 10.Nxd4 Bxd4 11.Nc3 Bd7 12.Bd3 Bg7 13.O-O Nf6 14.Qe2 O-O 15.f4 Ne8
16.e5 Nc7 17.a4 b6 18.Rae1 Rae8 19.Qf3 Qc8 20.exd6 exd6 21.Ne4 Qd8 22.b3  1/2-1/2

[Event "Dortmund-B"]
[Site "Dortmund"]
[Date "1989.??.??"]
[Round "?"]
[White "Sznapik, Aleksander"]
[Black "Lautier, Joel"]
[Result "1/2-1/2"]
[WhiteElo "2455"]
[BlackElo "2450"]

1.e4 e6 2.d4 d5 3.Nc3 Nf6 4.e5 Nfd7 5.f4 c5 6.Nf3 Nc6 7.Be3 cxd4 8.Nxd4 Bc5
9.Qd2 a6 10.O-O-O O-O 11.Kb1 Bxd4 12.Bxd4 b5 13.Qe3 b4 14.Ne2 Qc7 15.Ng3 a5
16.Bb5 Nxd4 17.Rxd4 f6 18.exf6 Nxf6 19.Re1 Qc5 20.Ba4 Ra7 21.h3 Rc7 22.Qd2 Kh8
23.Re3 Rcf7 24.a3 Rb7 25.axb4 axb4 26.Rb3 Bd7 27.Rbxb4 Ra7 28.b3 Rfa8 29.Kb2 Bxa4
30.Rxa4 Rxa4 31.Rxa4 Rxa4 32.bxa4 Nd7 33.Qc3 Nb6 34.Qxc5 Nxa4+ 35.Kb3 Nxc5+
36.Kb4 Nd7 37.f5 e5 38.c4 dxc4 39.Kxc4 g6 40.Kd5 gxf5 41.Nxf5 Kg8 42.Ke6 Nc5+
43.Kxe5 Kf7 44.Nh4 Kg7 45.Kf5 h6 46.Nf3 Nd7 47.Nd4 Nf6 48.Ne6+ Kf7 49.Nf4 Kg7
50.Ke6 Ne4 51.h4 Nc5+ 52.Kf5 Nd7 53.Nd5 Kf7 54.h5 Nc5 55.Ne3 Kg7 56.g4 Kf7
57.Nc4 Kg7 58.Nd6 Nd3 59.Ke4 Nf2+ 60.Kf3 Nd3 61.Ke3 Ne5 62.Kf4 Nd3+ 63.Kf5 Nf2
64.Nc4 Kf7 65.Ne5+ Kg7 66.Ke6 Ne4 67.Nc4 Nf2 68.Ne3 Nd3 69.Nf5+ Kh7 70.Kf6 Nf2
71.Ne3 Nd3 72.Nc4 Nf2 73.Ne5 Ne4+ 74.Kf7 Ng5+ 75.Ke7 Kg7  1/2-1/2